Kamus kejuruteraan bangunan

Bibliographic Details
Main Author: Mahyuddin Ramli (Author)
Format: Book
Language:Malay
Published: Kuala Lumpur : Dewan Bahasa dan Pustaka 1990
Subjects:

MARC

LEADER 00000cam a2200000 7i4500
001 0000000580
005 20240919.0
008 991124 my a may
020 |a 983621772x (pbk) 
040 |a INS   |b eng   |e rda 
090 0 0 |a RPL5087.3.E579   |b .M34 1990 
100 1 |a Mahyuddin Ramli ,   |e author 
245 1 0 |a Kamus kejuruteraan bangunan   |c Ir. Mahyuddin Ramli 
264 1 |a Kuala Lumpur :   |b Dewan Bahasa dan Pustaka   |c 1990 
300 |a xxiii, 231 pages :   |b illustrations ;   |c 22 cm. 
336 |a text  |2 rdacontent 
337 |a unmediated  |2 rdamedia 
338 |a volume  |2 rdacarrier 
650 0 |a Building   |x Dictionaries 
650 0 |a Civil engineering   |x Dictionaries   |x Malay 
650 0 |a Engineering   |x Dictionaries   |x Malay 
650 0 |a Malay language   |x Dictionaries 
650 0 |a Structural engineering   |x Dictionaries   |x Malay 
999 |a 0000004764   |b BOOK   |c Red Spot   |e Default branch 
999 |a 0000004799   |b BOOK   |c Red Spot   |e Default branch